Daňová sústava si žiada zmenu
Príprava daňovej reformy SR. Porovnanie daňových príjmov do štátneho rozpočtu v ČR a SR. Rozdiely v zdaňovaní fyzických a právnických osôb na Slovensku. Potreba zmeny daňového systému SR.
Salvato in:
| Autore principale: | |
|---|---|
| Natura: | Libro |
| Lingua: | slovacco |
| Soggetti: | |
| Tags: |
Nessun Tag, puoi essere il primo ad aggiungerne!!
|
MARC
| LEADER | 00000nam a2200000 4500 | ||
|---|---|---|---|
| 001 | r031228 | ||
| 005 | 20230824095013.5 | ||
| 041 | 0 | |a slo | |
| 044 | |a SK | ||
| 245 | 1 | 0 | |a Daňová sústava si žiada zmenu |c Ľuba Kramplová |
| 520 | |a Príprava daňovej reformy SR. Porovnanie daňových príjmov do štátneho rozpočtu v ČR a SR. Rozdiely v zdaňovaní fyzických a právnických osôb na Slovensku. Potreba zmeny daňového systému SR. | ||
| 610 | 2 | 0 | |a sústava daňová |
| 610 | 2 | 0 | |a dane priame |
| 610 | 2 | 0 | |a dane z príjmov |
| 610 | 2 | 0 | |a sadzby daňové |
| 610 | 2 | 0 | |a Slovensko |
| 610 | 2 | 0 | |a Česko |
| 610 | 2 | 0 | |a kritika |
| 100 | 1 | |a Kramplová, Ľuba | |